[Event "EU Union-ch U14 20th"]
[Site "Mureck"]
[Date "2023.08.05"]
[Round "4"]
[White "Hagen, Carlijn"]
[Black "Richter, Johanna"]
[Result "1/2-1/2"]
[WhiteElo "1338"]
[BlackElo "1546"]
[PlyCount "103"]
[EventDate "2023.08.02"]
[EventType "swiss"]
[EventRounds "9"]
[EventCountry "AUT"]
[SourceTitle "EXT 2024"]
[Source "ChessBase"]
[SourceDate "2023.10.10"]
[SourceVersion "1"]
[SourceVersionDate "2023.10.10"]
[SourceQuality "1"]

1. d4 Nf6 2. Bf4 g6 3. e3 Bg7 4. Bd3 0-0 5. Nf3 d6 6. Nbd2 Nfd7 7. Bg5 h6 8. Bh4 g5 9. Nxg5 hxg5 10. Bxg5 Re8 11. Ne4 Nf8 12. Qh5 Nbd7 13. 0-0-0 c6 14. h4 Qa5 15. Bc4 d5 16. Bb3 Qc7 17. Ng3 Nf6 18. Bxf6 Bxf6 19. Nf5 Bxf5 20. Qxf5 Qd7 21. Qf3 Qe6 22. g4 Bg7 23. h5 Nh7 24. Qg2 f6 25. h6 Bh8 26. e4 Rad8 27. Rde1 Qd6 28. Rh5 Qf4+ 29. Kb1 Qd2 30. Qg1 Qxd4 31. exd5 cxd5 32. Rd1 Qb6 33. Rhxd5 Rxd5 34. Rxd5 e6 35. Rd3 Kf8 36. a3 Ng5 37. Qe1 e5 38. f3 Qc7 39. Qd2 Qb6 40. Ba4 Rc8 41. Rb3 Qc7 42. Qd3 b6 43. Rc3 Qd8 44. Qg6 Rxc3 45. bxc3 Qd1+ 46. Kb2 Qd8 47. Bb3 Ke7 48. h7 Qf8 49. Qf5 Kd8 50. Ba4 Qe7 51. Qd3+ Kc7 52. Qc4+ 1/2-1/2

[Event "EU Union-ch U14 20th"]
[Site "Mureck"]
[Date "2023.08.05"]
[Round "5"]
[White "Richter, Johanna"]
[Black "Zeihen, Matthieu"]
[Result "1/2-1/2"]
[WhiteElo "1546"]
[BlackElo "1884"]
[PlyCount "49"]
[EventDate "2023.08.02"]
[EventType "swiss"]
[EventRounds "9"]
[EventCountry "AUT"]
[SourceTitle "EXT 2024"]
[Source "ChessBase"]
[SourceDate "2023.10.10"]
[SourceVersion "1"]
[SourceVersionDate "2023.10.10"]
[SourceQuality "1"]

1. d4 d5 2. c4 e6 3. Nc3 Nf6 4. cxd5 exd5 5. Bg5 Be7 6. e3 0-0 7. Bd3 c6 8. Nge2 Nbd7 9. Qc2 Re8 10. 0-0 h6 11. Bh4 Ne4 12. Bxe7 Qxe7 13. Bxe4 dxe4 14. Rfd1 Nf6 15. d5 cxd5 16. Nxd5 Nxd5 17. Rxd5 b6 18. Nc3 Bb7 19. Rd4 Rad8 20. Rad1 Rxd4 21. Rxd4 Qc5 22. Qa4 Qc6 23. Qxc6 Bxc6 24. Rd6 Rc8 25. Kf1 1/2-1/2

[Event "EU Union-ch U14 20th"]
[Site "Mureck"]
[Date "2023.08.02"]
[Round "1"]
[White "Richter, Johanna"]
[Black "Setnik, Jakub"]
[Result "1-0"]
[WhiteElo "1546"]
[BlackElo "1177"]
[PlyCount "140"]
[EventDate "2023.08.02"]
[EventType "swiss"]
[EventRounds "9"]
[EventCountry "AUT"]
[SourceTitle "EXT 2024"]
[Source "ChessBase"]
[SourceDate "2023.10.10"]
[SourceVersion "1"]
[SourceVersionDate "2023.10.10"]
[SourceQuality "1"]

1. d4 Nf6 2. c4 g6 3. Nf3 Bg7 4. g3 c5 5. e3 0-0 6. Bg2 d6 7. 0-0 Bf5 8. Nc3 Nc6 9. Qe2 Qb6 10. Rd1 Bg4 11. dxc5 Qxc5 12. h3 Be6 13. b3 d5 14. Na4 Qa5 15. cxd5 Nxd5 16. Bb2 Bxb2 17. Qxb2 Rfd8 18. Rac1 Ndb4 19. Nd4 Bd5 20. Rc5 Qa6 21. Bf1 b5 22. Bxb5 Qb7 23. Nxc6 Bxc6 24. Rxd8+ Rxd8 25. Bxc6 Nxc6 26. Qc1 Rc8 27. Nb2 e6 28. Nd3 Kf8 29. Ne5 Ne7 30. Rxc8+ Nxc8 31. Qc5+ Ke8 32. Qc6+ Qxc6 33. Nxc6 f6 34. Kf1 Kd7 35. Nb4 Kc7 36. Ke2 Kb6 37. Kd3 a5 38. Nc2 e5 39. Na3 Ne7 40. Kc4 f5 41. Nc2 Kc6 42. a3 Nd5 43. b4 Nb6+ 44. Kd3 a4 45. f4 e4+ 46. Kd4 Kd6 47. b5 h6 48. Nb4 g5 49. Nc6 gxf4 50. gxf4 h5 51. Ne5 Nc8 52. Nc4+ Kc7 53. Kc5 Kb7 54. Nd6+ Nxd6 55. Kxd6 Kb6 56. Kd5 Kxb5 57. h4 Kb6 58. Ke5 Kc5 59. Kxf5 Kd5 60. Kg6 Kc4 61. f5 Kd3 62. f6 Kxe3 63. f7 Kd2 64. f8Q e3 65. Qb4+ Ke2 66. Qxa4 Kf2 67. Qf4+ Ke2 68. Qg5 Kd3 69. Qxh5 e2 70. Qxe2+ Kxe2 1-0

[Event "GER-ch U14 Girls"]
[Site "Willingen"]
[Date "2023.06.03"]
[Round "9"]
[White "Haug, Mara"]
[Black "Richter, Johanna"]
[Result "1-0"]
[WhiteElo "1754"]
[BlackElo "1431"]
[PlyCount "73"]
[EventDate "2023.05.27"]
[EventType "swiss"]
[EventRounds "9"]
[EventCountry "GER"]
[SourceTitle "CBM 214 Extra"]
[Source "ChessBase"]
[SourceDate "2023.07.31"]
[SourceVersion "1"]
[SourceVersionDate "2023.07.31"]
[SourceQuality "1"]

1. e4 c5 2. Nf3 Nc6 3. d4 cxd4 4. Nxd4 e5 5. Nb5 d6 6. N1c3 a6 7. Na3 b5 8. Nd5 Nf6 9. c4 b4 10. Nxf6+ Qxf6 11. Nc2 Qd8 12. Bd3 Be7 13. 0-0 0-0 14. b3 a5 15. Ne3 Bg5 16. a3 Be6 17. Be2 Nd4 18. Bb2 Bxe3 19. fxe3 Nxe2+ 20. Qxe2 Qb6 21. Qd3 Rfd8 22. axb4 axb4 23. h3 g6 24. Rfd1 Rab8 25. Kh2 Rd7 26. Ra4 Kg7 27. Rda1 f5 28. exf5 Bxf5 29. e4 Be6 30. Qd2 Kg8 31. Ra6 Qc7 32. R1a4 Qc5 33. Bc1 Rb6 34. Rxb6 Qxb6 35. Rxb4 Qc6 36. Rb8+ Kf7 37. Qf2+ 1-0

[Event "GER-ch U14 Girls"]
[Site "Willingen"]
[Date "2023.05.28"]
[Round "2"]
[White "Mueller, Riyanna"]
[Black "Richter, Johanna"]
[Result "1-0"]
[WhiteElo "1687"]
[BlackElo "1431"]
[PlyCount "45"]
[EventDate "2023.05.27"]
[EventType "swiss"]
[EventRounds "9"]
[EventCountry "GER"]
[SourceTitle "CBM 214 Extra"]
[Source "ChessBase"]
[SourceDate "2023.07.31"]
[SourceVersion "1"]
[SourceVersionDate "2023.07.31"]
[SourceQuality "1"]

1. e4 c5 2. Nc3 Nc6 3. Bb5 Nd4 4. Bc4 g6 5. Nge2 Nxe2 6. Qxe2 Bg7 7. 0-0 e6 8. f4 Ne7 9. f5 exf5 10. exf5 Bd4+ 11. Kh1 0-0 12. fxg6 Nxg6 13. d3 Bg7 14. Qf2 Qe7 15. Ne4 d6 16. Bg5 Qc7 17. Nf6+ Kh8 18. Qf3 h6 19. Qh5 Be6 20. Bxh6 Bxf6 21. Bg5+ Kg8 22. Bxf6 Bxc4 23. Qh6 1-0

[Event "GER-chT U12 Girls"]
[Site "Berlin"]
[Date "2022.12.27"]
[Round "2"]
[White "Hoffmann, Svenja"]
[Black "Richter, Johanna"]
[Result "1/2-1/2"]
[WhiteElo "1431"]
[BlackElo "1390"]
[PlyCount "60"]
[EventDate "2022.12.26"]
[EventType "team-swiss"]
[EventRounds "7"]
[EventCountry "GER"]
[SourceTitle "CBM 212 Extra"]
[Source "ChessBase"]
[SourceDate "2023.03.31"]
[SourceVersion "1"]
[SourceVersionDate "2023.03.31"]
[SourceQuality "1"]
[WhiteTeam "Magdeburg Schachzwerge"]
[BlackTeam "Heidesheim"]
[WhiteTeamCountry "GER"]
[BlackTeamCountry "GER"]

1. e4 c5 2. Nf3 Nc6 3. d4 cxd4 4. Nxd4 Nf6 5. Nc3 e5 6. Nf3 Bb4 7. Bd3 0-0 8. Bd2 d6 9. 0-0 a6 10. a3 Bc5 11. Bg5 h6 12. Bh4 Be6 13. Re1 Nd4 14. h3 b5 15. b4 Ba7 16. Nd5 Bxd5 17. exd5 Rc8 18. Rc1 Re8 19. c3 Nxf3+ 20. Qxf3 g5 21. Bg3 Qe7 22. Be4 Rc4 23. h4 Nxe4 24. Rxe4 Rxe4 25. Qxe4 f6 26. hxg5 fxg5 27. Qg6+ Kh8 28. Qxh6+ Kg8 29. Qg6+ Kh8 30. Qh6+ Kg8 1/2-1/2

[Event "GER-ch U12 Girls"]
[Site "Willingen"]
[Date "2022.06.11"]
[Round "9"]
[White "Dodul, Alice"]
[Black "Richter, Johanna"]
[Result "1/2-1/2"]
[WhiteElo "1329"]
[BlackElo "1363"]
[PlyCount "138"]
[EventDate "2022.06.04"]
[EventType "swiss"]
[EventRounds "9"]
[EventCountry "GER"]
[SourceTitle "CBM 208 Extra"]
[Source "ChessBase"]
[SourceDate "2022.07.31"]
[SourceVersion "1"]
[SourceVersionDate "2022.07.31"]
[SourceQuality "1"]

1. f4 Nf6 2. Nf3 g6 3. e3 Bg7 4. Be2 0-0 5. 0-0 d6 6. d4 Nbd7 7. c3 c5 8. Qe1 b6 9. Nbd2 Bb7 10. Qh4 Re8 11. Bd3 Qc7 12. e4 e6 13. g4 Nf8 14. Qg3 c4 15. Bc2 b5 16. h4 a5 17. a3 Qb6 18. e5 dxe5 19. fxe5 N6d7 20. g5 Nb8 21. Be4 Nc6 22. Bxc6 Bxc6 23. Qf4 Re7 24. Nh2 Nd7 25. Ng4 Bd5 26. Ne4 Bxe4 27. Qxe4 Rb8 28. Qf4 b4 29. Be3 Qb7 30. Nh6+ Bxh6 31. gxh6 b3 32. h5 Rf8 33. Qg5 Ree8 34. Rf6 Nb6 35. Rd1 Nd5 36. Bc1 Qe7 37. Rf2 Qxg5+ 38. Bxg5 a4 39. Bf6 Rb8 40. Bg7 Rfc8 41. Rf3 Rb7 42. Rdf1 Rcb8 43. hxg6 hxg6 44. Kg2 Rc8 45. Bf6 Kh7 46. Rg3 Nxf6 47. exf6 Rb5 48. Re1 Rd8 49. Rge3 Rdd5 50. Kf3 Rf5+ 51. Kg4 Rxf6 52. Re5 Rxe5 53. Rxe5 Rf2 54. Kg3 Rf5 55. Rc5 Rf1 56. Rxc4 Rb1 57. Rxa4 Rxb2 58. Rb4 Rb1 59. Kf2 b2 60. c4 Rc1 61. Rxb2 Rxc4 62. Ra2 Rxd4 63. a4 Kxh6 64. a5 Rd8 65. Ke3 Kg7 66. a6 Kf8 67. a7 Ra8 68. Kd4 Ke8 69. Kc5 Kd8 1/2-1/2

[Event "GER-ch U12 Girls"]
[Site "Willingen"]
[Date "2022.06.09"]
[Round "7"]
[White "Richter, Johanna"]
[Black "Vogt, Luna"]
[Result "1-0"]
[WhiteElo "1363"]
[BlackElo "1334"]
[PlyCount "89"]
[EventDate "2022.06.04"]
[EventType "swiss"]
[EventRounds "9"]
[EventCountry "GER"]
[SourceTitle "CBM 208 Extra"]
[Source "ChessBase"]
[SourceDate "2022.07.31"]
[SourceVersion "1"]
[SourceVersionDate "2022.07.31"]
[SourceQuality "1"]

1. d4 Nf6 2. c4 e6 3. g3 b6 4. Bg2 d5 5. Nf3 Bb7 6. 0-0 Be7 7. Qc2 0-0 8. e3 Ne4 9. Nbd2 f5 10. b3 Nd7 11. Bb2 Rc8 12. Nxe4 fxe4 13. Nd2 Bg5 14. Rfe1 c5 15. Rac1 Rf7 16. Qd1 Nf6 17. Bh3 Rc6 18. dxc5 bxc5 19. cxd5 exd5 20. Nc4 Rf8 21. Ne5 Rc7 22. Ba3 Re8 23. Ng4 Nxg4 24. Bxg4 Qd6 25. Qc2 Be7 26. Red1 Bf8 27. Bb2 Qg6 28. Bh3 Qh5 29. Bg2 Re6 30. Re1 Rh6 31. h4 Ba6 32. Qd1 Qf5 33. g4 Qe6 34. h5 g6 35. Bh3 gxh5 36. g5 Qxh3 37. gxh6 Rd7 38. Be5 Bxh6 39. Rxc5 Rf7 40. Rc6 Rf3 41. Qxd5+ Rf7 42. Rxa6 Qg4+ 43. Bg3 h4 44. Qd8+ Bf8 45. Qxh4 1-0

[Event "GER-ch U12 Girls"]
[Site "Willingen"]
[Date "2021.08.26"]
[Round "5"]
[White "Moldovan, Tatiana"]
[Black "Richter, Johanna"]
[Result "1/2-1/2"]
[WhiteElo "1437"]
[BlackElo "1155"]
[PlyCount "117"]
[EventDate "2021.08.22"]
[EventType "swiss"]
[EventRounds "9"]
[EventCountry "GER"]
[SourceTitle "EXT 2022"]
[Source "ChessBase"]
[SourceDate "2021.10.06"]
[SourceVersion "1"]
[SourceVersionDate "2021.10.06"]
[SourceQuality "1"]

1. e4 c5 2. Nc3 Nc6 3. Bb5 Nd4 4. Nf3 Nxb5 5. Nxb5 a6 6. Nc3 d6 7. d4 cxd4 8. Qxd4 e5 9. Qd1 Nf6 10. h3 Be7 11. 0-0 0-0 12. Bg5 Be6 13. Nd2 Nxe4 14. Bxe7 Nxc3 15. Bxd8 Nxd1 16. Be7 Rfe8 17. Bxd6 Nxb2 18. Bxe5 Nc4 19. Nxc4 Bxc4 20. Rfe1 f6 21. Bc3 Rxe1+ 22. Rxe1 Bxa2 23. Ba5 Rc8 24. c3 Kf7 25. f3 Rc6 26. Ra1 Bc4 27. Rb1 Bb5 28. Rb3 Rc8 29. Kf2 Ke6 30. Ke3 Kd5 31. Kd2 Rc4 32. Bb4 Rc8 33. Ba5 Re8 34. g3 Re2+ 35. Kc1 Re7 36. Kd2 Re2+ 37. Kc1 Re1+ 38. Kd2 Rd1+ 39. Kxd1 Ba4 40. Kc2 Kc4 41. Kb2 Bxb3 42. Bb4 Bd1 43. Bf8 g6 44. Be7 f5 45. f4 Kd3 46. h4 Ke3 47. Ka3 Kf3 48. Bg5 Kxg3 49. Kb4 Kf3 50. c4 Ke3 51. c5 Bf3 52. Ka5 Bc6 53. Bh6 Kd4 54. Bf8 Kd5 55. Kb6 Ke6 56. Ka5 Kd7 57. Kb6 Be4 58. Bh6 Ke7 59. Ka5 1/2-1/2

[Event "GER-ch U12 Girls"]
[Site "Willingen"]
[Date "2021.08.26"]
[Round "6"]
[White "Richter, Johanna"]
[Black "Haug, Mara"]
[Result "1-0"]
[WhiteElo "1155"]
[BlackElo "1366"]
[PlyCount "75"]
[EventDate "2021.08.22"]
[EventType "swiss"]
[EventRounds "9"]
[EventCountry "GER"]
[SourceTitle "EXT 2022"]
[Source "ChessBase"]
[SourceDate "2021.10.06"]
[SourceVersion "1"]
[SourceVersionDate "2021.10.06"]
[SourceQuality "1"]

1. d4 d5 2. c4 e6 3. Nc3 Nf6 4. Bg5 Nbd7 5. cxd5 exd5 6. Nf3 c6 7. e3 Be7 8. Bd3 Nh5 9. Bxe7 Qxe7 10. 0-0 g6 11. Re1 0-0 12. Nd2 f5 13. f4 Ndf6 14. Nf3 b6 15. g3 Bb7 16. Rc1 Rfe8 17. Qe2 Rac8 18. Ne5 Rc7 19. Rc2 Ng7 20. Rec1 Ne6 21. Qf2 Qd6 22. Re2 Nd7 23. Kh1 Qe7 24. Kg1 Qg7 25. Kh1 Qh6 26. Nxd5 c5 27. Be4 Nxe5 28. fxe5 fxe4 29. Nf6+ Kh8 30. Nxe8 Rd7 31. dxc5 Nxc5 32. Rf1 Ne6 33. Nd6 Ba6 34. Nf7+ Rxf7 35. Qxf7 Bxe2 36. Qe8+ Nf8 37. Rxf8+ Kg7 38. Qf7# 1-0

[Event "GER-chT U14 Girls"]
[Site "Willingen"]
[Date "2021.06.27"]
[Round "7.9"]
[White "Richter, Johanna"]
[Black "Gyacsok, Dzvinka"]
[Result "1-0"]
[WhiteElo "1178"]
[BlackElo "1041"]
[PlyCount "99"]
[EventDate "2021.06.23"]
[EventType "team-swiss"]
[EventRounds "7"]
[EventCountry "GER"]
[SourceTitle "EXT 2022"]
[Source "ChessBase"]
[SourceDate "2021.10.06"]
[SourceVersion "1"]
[SourceVersionDate "2021.10.06"]
[SourceQuality "1"]
[WhiteTeam "Oberursel"]
[BlackTeam "Ingelheim"]
[WhiteTeamCountry "GER"]
[BlackTeamCountry "GER"]

1. d4 d5 2. c4 e6 3. Nc3 Nf6 4. Bg5 Nbd7 5. Nf3 Be7 6. cxd5 Nxd5 7. Bxe7 Qxe7 8. Nxd5 exd5 9. e3 0-0 10. Bd3 b6 11. 0-0 Bb7 12. Qc2 Nf6 13. Rac1 Rac8 14. Qe2 Rcd8 15. Rc2 Qd6 16. Rfc1 Rd7 17. b3 Rb8 18. Ne5 Re7 19. Ba6 Qa3 20. Bxb7 Rxb7 21. Nc6 Re8 22. b4 Re6 23. Nd8 Qxb4 24. Nxb7 Re7 25. Rxc7 Rxc7 26. Rxc7 Kf8 27. Qd3 Qe1+ 28. Qf1 Qd2 29. Qb1 g6 30. Rc2 Qxc2 31. Qxc2 Ne4 32. Nd8 Kg7 33. Nc6 a5 34. Qb2 b5 35. Qxb5 Nc3 36. Qxa5 Ne4 37. Qxd5 Nc3 38. Qc4 Ne4 39. a4 Nd6 40. Qd5 Ne8 41. a5 h6 42. a6 Nc7 43. Qe5+ Kh7 44. Qxc7 h5 45. Qxf7+ Kh6 46. a7 Kg5 47. a8Q Kh6 48. Qag8 Kg5 49. Qgxg6+ Kh4 50. Qf4# 1-0

[Event "GER-chT U14 Girls"]
[Site "Willingen"]
[Date "2021.06.24"]
[Round "2.7"]
[White "Richter, Johanna"]
[Black "Wu, Yvonne Yihan"]
[Result "1/2-1/2"]
[WhiteElo "1178"]
[BlackElo "1123"]
[PlyCount "64"]
[EventDate "2021.06.23"]
[EventType "team-swiss"]
[EventRounds "7"]
[EventCountry "GER"]
[SourceTitle "EXT 2022"]
[Source "ChessBase"]
[SourceDate "2021.10.06"]
[SourceVersion "1"]
[SourceVersionDate "2021.10.06"]
[SourceQuality "1"]
[WhiteTeam "Oberursel"]
[BlackTeam "Hamburger SK"]
[WhiteTeamCountry "GER"]
[BlackTeamCountry "GER"]

1. d4 Nf6 2. c4 g6 3. Nc3 Bg7 4. Nf3 0-0 5. g3 d6 6. Bg2 Nbd7 7. 0-0 c6 8. Bg5 h6 9. Bd2 e5 10. Qc1 Kh7 11. Rb1 Re8 12. e4 exd4 13. Nxd4 Nc5 14. Qc2 Nfxe4 15. Nxe4 Bxd4 16. Bf4 Bf5 17. Qd2 Be5 18. f3 d5 19. Nxc5 Bxb1 20. Rxb1 dxc4 21. Qxd8 Raxd8 22. Bxe5 Rxe5 23. Nxb7 Rb8 24. f4 Re6 25. Na5 c3 26. b3 c2 27. Rc1 Re2 28. Bf3 Rd2 29. Nc4 Rd3 30. Be2 Rc3 31. Kf1 Rd8 32. Ke1 Kg7 1/2-1/2

[Event "GER-chT Lands U20"]
[Site "Berlin"]
[Date "2020.10.04"]
[Round "7.3"]
[White "Richter, Johanna"]
[Black "Haug, Mara"]
[Result "0-1"]
[WhiteElo "1107"]
[BlackElo "1366"]
[PlyCount "64"]
[EventDate "2020.09.29"]
[EventType "team-swiss"]
[EventRounds "7"]
[EventCountry "GER"]
[SourceTitle "CBM 198 Extra"]
[Source "ChessBase"]
[SourceDate "2020.11.30"]
[SourceVersion "1"]
[SourceVersionDate "2020.11.30"]
[SourceQuality "1"]
[WhiteTeam "Rheinland Pfalz U20"]
[BlackTeam "Baden U20"]
[WhiteTeamCountry "GER"]
[BlackTeamCountry "GER"]

1. d4 Nf6 2. c4 c5 3. Nf3 cxd4 4. Nxd4 e5 5. Nf3 Nc6 6. Nc3 Bc5 7. e3 d6 8. b3 Bb4 9. Bb2 Ne4 10. Qc2 Qa5 11. Rc1 Bf5 12. Bd3 Bxc3+ 13. Bxc3 Nxc3 14. 0-0 Bxd3 15. Qxd3 e4 16. Qxc3 Qxc3 17. Rxc3 exf3 18. gxf3 0-0 19. f4 Rad8 20. Rd1 Rd7 21. c5 d5 22. Rcd3 Ne7 23. e4 Rfd8 24. Rd4 Kf8 25. b4 Nc6 26. Rxd5 Rxd5 27. exd5 Nxb4 28. d6 Na6 29. Rd5 f6 30. h4 Kf7 31. f5 Ke8 32. f4 Kd7 0-1

[Event "GER-chT Lands U20"]
[Site "Berlin"]
[Date "2020.09.30"]
[Round "1.3"]
[White "Trunz, Tamila"]
[Black "Richter, Johanna"]
[Result "1-0"]
[WhiteElo "1379"]
[BlackElo "1107"]
[PlyCount "123"]
[EventDate "2020.09.29"]
[EventType "team-swiss"]
[EventRounds "7"]
[EventCountry "GER"]
[SourceTitle "CBM 198 Extra"]
[Source "ChessBase"]
[SourceDate "2020.11.30"]
[SourceVersion "1"]
[SourceVersionDate "2020.11.30"]
[SourceQuality "1"]
[WhiteTeam "Nordrhein Westfalen U20"]
[BlackTeam "Rheinland Pfalz U20"]
[WhiteTeamCountry "GER"]
[BlackTeamCountry "GER"]

1. e4 c5 2. Nc3 Nc6 3. f4 g6 4. Nf3 Bg7 5. Bb5 Nd4 6. Nxd4 cxd4 7. Ne2 e6 8. 0-0 Ne7 9. d3 0-0 10. Ng3 d5 11. Qf3 dxe4 12. Nxe4 f5 13. Ng5 Nd5 14. Bc4 Re8 15. Re1 Qa5 16. Re2 Bd7 17. Bd2 Qc5 18. Rae1 Bc6 19. Nxe6 Qd6 20. c3 Kh8 21. cxd4 Nc3 22. d5 Nxd5 23. Nxg7 Rxe2 24. Rxe2 Kxg7 25. Bxd5 Bxd5 26. Qe3 Bxa2 27. b4 a6 28. Bc3+ Kg8 29. Rxa2 Rc8 30. d4 Qd5 31. Ra5 Qc4 32. Rc5 Rxc5 33. dxc5 Kf7 34. Qe5 Qe6 35. Qxe6+ Kxe6 36. Kf2 Kd5 37. Ke3 h6 38. Kd3 h5 39. h3 Kc6 40. Kc4 b6 41. cxb6 Kxb6 42. Bd4+ Kc6 43. Bc5 Kb7 44. Kd5 Kc7 45. Ke5 Kd7 46. Kf6 Ke8 47. Kxg6 Kd7 48. Kxf5 Ke8 49. Kg6 Kd7 50. f5 h4 51. f6 Ke6 52. f7 Kd5 53. f8Q Kc4 54. Qd6 Kb3 55. Kf5 Ka4 56. Ke4 Kb3 57. b5 a5 58. b6 a4 59. Qd3+ Kb2 60. b7 Ka2 61. Qc2+ Ka1 62. Bd4# 1-0